|
|
|
|
| LEADER |
00000cas a22000004a 4500 |
| 001 |
vtls008883284 |
| 003 |
SK-MaSNL |
| 005 |
20260228162130.0 |
| 008 |
160627d19401950xo mn p 0 0 b0slo d |
| 035 |
|
|
|a (SVKBB03)vtls000128942
|
| 040 |
|
|
|a SVKBB
|b slo
|c SVKBB
|d SAVUK
|e AACR2
|
| 041 |
0 |
|
|a slo
|
| 044 |
|
|
|a xo
|c SK
|
| 080 |
|
|
|a 82
|2 2001
|
| 080 |
|
|
|a 316.7
|2 2001
|
| 245 |
0 |
0 |
|a Tvorba
|b mesačník pre literatúru a kultúrny život
|
| 260 |
|
|
|a Liptovský Sv. Mikuláš
|b Tranoscius
|c 1940-1950
|
| 300 |
|
|
|a 9 zv.
|c 36 x 24 cm
|
| 310 |
|
|
|a 1x mesačne (okrem prázdnin)
|
| 362 |
0 |
|
|a Roč. 1 (nov. 1940/41)-roč. 4, č. 9/10 (jún/júl 1944) ; roč. 5, č. 1/2 (1946)-roč. 9, č. 6 (30.júna 1950)
|z SKP/2011
|
| 500 |
|
|
|a Od roč. 5 (1946) vychádza vo formáte 17 x 24 cm, od roč. 6, č. 1 (jan. 1947) vo formáte 26 x 36 cm
|
| 650 |
0 |
7 |
|a literatúra
|2 SNKPH
|9 1427
|
| 650 |
0 |
7 |
|a kultúra
|2 SNKPH
|9 886
|
| 910 |
|
|
|a svkbb
|
| 910 |
|
|
|a savuk
|
| 999 |
|
|
|c 6901
|d 8831
|
| 952 |
|
|
|0 0
|1 0
|4 0
|7 0
|8 5
|a SNK
|b SNK
|d 2020-11-27
|i snkF 3463/68
|l 0
|o snkČSB 299/5/1946 D2
|p 17A1347687
|r 2026-02-21 19:24:08
|t č. 1-6
|w 2026-02-21
|y PREZ
|
| 952 |
|
|
|0 0
|1 0
|3 rekatalogizácia
|4 0
|7 0
|8 5
|a SNK
|b SNK
|d 2006-04-06
|i snkF 1324/68
|l 0
|o snkČSB 299/3/1942-43 D1
|p 17A0504184
|r 2026-02-21 19:51:57
|t č. 1-10
|w 2026-02-21
|y PREZ
|
| 952 |
|
|
|0 0
|1 0
|3 rekatalogizácia
|4 0
|7 0
|8 5
|a SNK
|b SNK
|d 2006-04-06
|i snkF 4732/78
|l 0
|o snkČSB 299/2/1941-42 D2
|p 17A0504027
|r 2026-02-21 19:52:03
|t č. 1-10
|w 2026-02-21
|y PREZ
|
| 952 |
|
|
|0 0
|1 0
|4 0
|7 0
|8 5
|a SNK
|b SNK
|d 2011-02-04
|i snkF 1322/68
|l 0
|o snkČSB 299/1/1940 D1
|p 17A0688423
|r 2026-02-21 19:56:32
|t č. 1-10
|w 2026-02-21
|y PREZ
|
| 952 |
|
|
|0 0
|1 0
|4 0
|7 0
|8 5
|a SNK
|b SNK
|d 2011-02-03
|i snkF 1323/68
|l 0
|o snkČSB 299/2/1941-42 D1
|p 17A0688390
|r 2026-02-21 19:56:34
|t č. 1-10
|w 2026-02-21
|y PREZ
|
| 952 |
|
|
|0 0
|1 0
|4 0
|7 0
|a SNK
|b SNK
|d 2011-02-28
|i snkII. 1228/49
|l 0
|o snkČSB 299/8/1949 D2
|p 17A0688860
|r 2026-02-21 20:05:34
|t č. 1-10
|w 2026-02-21
|y PREZ
|
| 952 |
|
|
|0 0
|1 0
|4 0
|7 0
|8 5
|a SNK
|b SNK
|d 2011-02-28
|i snkF 3469/68
|l 0
|o snkČSB 299/7/1948 D2
|p 17A0688282
|r 2026-02-21 20:05:34
|w 2026-02-21
|y PREZ
|
| 952 |
|
|
|0 0
|1 0
|4 0
|7 0
|a SNK
|b SNK
|d 2011-02-28
|i snkK 2980/68
|l 0
|o snkČSB 299/6/1947 D2
|p 17A0688281
|r 2026-02-21 20:05:35
|t č. 1-10
|w 2026-02-21
|y PREZ
|
| 952 |
|
|
|0 0
|1 0
|4 0
|7 0
|8 5
|a SNK
|b SNK
|d 2011-02-28
|i snkF 1325/68
|l 0
|o snkČSB 299/4/1943 D1
|p 17A0688552
|r 2026-02-21 20:05:35
|t č. 1-10
|w 2026-02-21
|y PREZ
|
| 952 |
|
|
|0 0
|1 0
|4 0
|7 0
|8 5
|a SNK
|b SNK
|d 2011-02-21
|i snkF 3472/68
|l 0
|o snkČSB 299/9/1950 D1
|p 17A0688894
|r 2026-02-21 20:05:39
|t č. 1-6
|w 2026-02-21
|y PREZ
|
| 952 |
|
|
|0 0
|1 0
|4 0
|7 0
|8 5
|a SNK
|b SNK
|d 2011-02-21
|i snkF 3471/68
|l 0
|o snkČSB 299/8/1949 D1
|p 17A0688893
|r 2026-02-21 20:05:39
|t č. 1-10
|w 2026-02-21
|y PREZ
|
| 952 |
|
|
|0 0
|1 0
|4 0
|7 0
|8 5
|a SNK
|b SNK
|d 2011-02-21
|i snkXI. 2068/55
|l 0
|o snkČSB 299/5/1946 D1
|p 17A0688941
|r 2026-02-21 20:05:39
|t č. 1-6
|w 2026-02-21
|y PREZ
|
| 952 |
|
|
|0 0
|1 0
|4 0
|7 0
|8 5
|a SNK
|b SNK
|d 2011-02-21
|i snkF 3467/68
|l 0
|o snkČSB 299/6/1947 D1
|p 17A0688866
|r 2026-02-21 20:05:39
|t č. 1-10
|w 2026-02-21
|y PREZ
|
| 952 |
|
|
|0 0
|1 0
|4 0
|7 0
|8 5
|a SNK
|b SNK
|d 2011-07-27
|i snkF 1428/88
|l 0
|o snkČSB 299/3/1942-43 D2
|p 17A0708451
|r 2026-02-21 20:06:53
|t č. 1 - 10, ch. č. 6, neúpl.
|w 2026-02-21
|y PREZ
|
| 952 |
|
|
|0 0
|1 0
|4 0
|7 0
|a SNK
|b SNK
|d 1996-11-20
|l 0
|o snkČSB 299/2/1941-42
|p 17A0018880
|r 2005-01-01 00:00:00
|t č. 1-10
|w 2026-02-21
|y PREZ
|
| 952 |
|
|
|0 0
|1 0
|4 0
|7 0
|a SNK
|b SNK
|d 2009-06-24
|l 0
|o snkČSB 299/4/1943-44
|p 17A0031584
|r 2026-02-21 20:15:16
|t č. 1-10
|w 2026-02-21
|y PREZ
|
| 952 |
|
|
|0 0
|1 0
|3 chýba č. 8
|4 0
|7 0
|8 5
|a SNK
|b SNK
|d 2013-04-12
|i snkF 3466/68
|l 0
|o snkČSB 299/1/1940-41 D2
|p 17A1052392
|r 2026-02-21 20:24:11
|t č. 1-10, neúplné
|w 2026-02-21
|y PREZ
|z chýba č. 8
|
| 952 |
|
|
|0 0
|1 0
|4 0
|7 0
|a SNK
|b SNK
|d 2013-04-12
|i snkF 1878/88
|l 0
|o snkČSB 299/4/1943 D1
|p 17A1052393
|r 2026-02-21 20:24:11
|t č. 1-10
|w 2026-02-21
|y PREZ
|
| 952 |
|
|
|0 0
|1 0
|4 0
|7 0
|a SNK
|b SNK
|d 2009-06-24
|l 0
|o snkČSB 299/1/1940-41
|p 17A0018904
|r 2026-02-21 21:01:50
|t č. 1-10
|w 2026-02-21
|y PREZ
|
| 952 |
|
|
|0 0
|1 0
|4 0
|7 0
|a SNK
|b SNK
|d 2009-06-24
|l 0
|o snkČSB 299/3/1942-43
|p 17A0031585
|r 2026-02-21 21:01:51
|t č. 1-10
|w 2026-02-21
|y PREZ
|
| 952 |
|
|
|0 0
|1 0
|4 0
|7 0
|a SNK
|b SNK
|d 2009-06-24
|l 0
|o snkČSB 299/5/1946
|p 17A0031583
|r 2026-02-21 21:01:51
|t č. 1-6
|w 2026-02-21
|y PREZ
|
| 952 |
|
|
|0 0
|1 0
|4 0
|7 0
|a SNK
|b SNK
|d 2009-06-24
|l 0
|o snkČSB 299/6/1947
|p 17A0031586
|r 2026-02-21 21:01:51
|t č. 1-10
|w 2026-02-21
|y PREZ
|
| 952 |
|
|
|0 0
|1 0
|4 0
|7 0
|a SNK
|b SNK
|d 2009-06-24
|l 0
|o snkČSB 299/7/1948
|p 17A0031587
|r 2026-02-21 21:01:51
|t č. 1-10
|w 2026-02-21
|y PREZ
|
| 952 |
|
|
|0 0
|1 0
|4 0
|7 0
|a SNK
|b SNK
|d 2009-06-24
|l 0
|o snkČSB 299/8/1949
|p 17A0031650
|r 2026-02-21 21:01:51
|t č. 1-10
|w 2026-02-21
|y PREZ
|
| 952 |
|
|
|0 0
|1 0
|4 0
|7 0
|a SNK
|b SNK
|d 2009-06-24
|l 0
|o snkČSB 299/9/1950
|p 17A0031649
|r 2026-02-21 21:01:51
|t č. 1-6
|w 2026-02-21
|y PREZ
|